000 00668cab a2200217 4500
001 WB3434-43
008 090401t1998 xxu||||| |||| 00| 0 eng d
035 _a(Sirsi) u88341
041 _aeng
245 _aPM secondment initiative
260 _c1998
350 _a0
490 _aContract Journal
_v395(6191) 3 September 1998, 3(1)
520 _aA new initiative from the Construction Round Table may see contractors` project management staff seconded to major clients.
650 _aCONSTRUCTION ROUND TABLE
650 _aMANAGEMENT-PROJECT MANAGEMENT
650 _aSECONDMENT
690 _aProject management
_96261
942 _n0
948 _c08/09/1998
999 _c55797
_d55797